|
|
|
|
| LEADER |
00000nas a2200000 a 4500 |
| 001 |
ssj0000858022 |
| 003 |
WaSeSS |
| 005 |
20200512172242.0 |
| 006 |
m d |
| 007 |
cr n |
| 008 |
130323u20uuuuuurb f| p|s|||||| |0mul d |
| 035 |
|
|
|a (WaSeSS)ssj0000858022
|
| 040 |
|
|
|a WaSeSS
|c WaSeSS
|d WaSeSS
|
| 050 |
|
4 |
|a P87
|
| 245 |
0 |
0 |
|a Communication today
|h [electronic resource].
|
| 260 |
|
|
|a Trnava, Serbia :
|b Univerzita sv. Cyrila a Metoda v Trnave
|
| 310 |
|
|
|a Semiannual
|
| 506 |
|
|
|a License restrictions may limit access.
|
| 588 |
|
|
|a Description based on: 1 (2010); title from pdf title page (ProQuest, viewed March 23, 2013).
|
| 588 |
|
|
|a Latest issue consulted: 2 (2012) (viewed March 23, 2013).
|
| 650 |
|
0 |
|a Communication
|v Periodicals.
|
| 650 |
|
0 |
|a Mass media
|v Periodicals.
|
| 655 |
|
0 |
|a Electronic journals.
|
| 776 |
0 |
8 |
|i Print version:
|t Communication today
|x 1338-130X
|
| 856 |
4 |
0 |
|z Full text available from Research Library: 04/01/2010 to present
|u https://search.proquest.com/publication/1606370
|